| 000 | 00891cam a22002411 4500 | ||
|---|---|---|---|
| 001 | gs 37000002 | ||
| 003 | DLC | ||
| 005 | 20260227111341.0 | ||
| 008 | 750724s1936 wvub s000 0 eng c | ||
| 010 | _ags 37000002 | ||
| 035 | _a(OCoLC)1472689 | ||
| 040 |
_aU. S. Geol. survey. Library _cNhD _dOCoLC _dDLC |
||
| 042 | _apremarc | ||
| 050 | 0 | 0 |
_aTN872.W4 _bT8 |
| 100 | 1 | _aTucker, Rietz Courtney. | |
| 245 | 1 | 0 |
_aDeep-well records, _cby Rietz C. Tucker, assistant state geologist, 1936. Paul H. Price, state geologist. |
| 260 |
_a[Huntington, W. Va., Gentry bros, printing co., _c1936] |
||
| 300 |
_axvi, 560 p. _bfront., 2 fold. maps (in pocket) _c24 cm. |
||
| 410 | 2 | 0 |
_aWest Virginia Geological and Economic Survey _t[Reports. _vvol. VII] |
| 500 | _aAt head of title: West Virginia. Geological survey. | ||
| 650 | 0 |
_aPetroleum _zWest Virginia. |
|
| 650 | 0 |
_aNatural gas _zWest Virginia. |
|
| 999 |
_c27316 _d27316 |
||